[Event "ISR-chT 2018"]
[Site "Israel"]
[Date "2018.01.05"]
[Round "1"]
[White "Manor, Ilan"]
[Black "Slonimskij, Arkadij"]
[Result "1-0"]
[WhiteElo "2453"]
[BlackElo "2128"]
[PlyCount "52"]
[EventDate "2018.??.??"]
[EventType "team-tourn"]
[EventCountry "ISR"]

{[%evp 13,52,52,51,-26,-16,-25,-27,-23,-35,-23,-34,-45,-28,-41,0,0,19,23,14,19,231,149,156,145,399,392,416,412,426,417,421,432,937,931,947,939,1122,1116,1241,1223,1298]} 1. e4 Nf6 2. e5 Nd5 3. d4 d6 4. Nf3 Bg4 5. Be2 c6 6. Ng5 Bf5 7. e6 fxe6 {LiveBook: 35 Partien} 8. Bg4 {B05: Aljechin-Verteidigung (Moderne Variante)} (8. g4 $14 Bg6 9. O-O) (8. g4 Bg6 9. Bd3 Bxd3 10. Qxd3 Nf6 11. Nxe6 Qd7 12. Qe2 Kf7 13. Ng5+ Ke8 14. Rg1 Na6 15. Nc3 Nc7 16. Bd2 h6 17. Nge4 Nxe4 18. Nxe4 {½-½ (63) Kasparov,S (2497)-Coursaget,N (2268) Avoine 2015}) 8... Qd7 $11 9. O-O Nf6 10. Bxf5 {Schwarz hat minimalen Vorteil.} exf5 11. Re1 Na6 12. c4 $146 {[%cal Bc2c4,Bc4c5][%mdl 32]} ({Vorgänger:} 12. Qd3 h6 13. Ne6 Ne4 14. Qb3 d5 15. Nf4 {1-0 (37) Garbett,P (2311)-Hair,P (1707) Auckland 1997}) 12... Nc7 13. Nc3 g6 14. Qb3 Rb8 15. c5 $36 {[%mdl 2048] [#] Und weiter mit Df7+ wäre nett. Weiss hat Druck.} d5 $1 16. Bf4 {Schwarz muss nun Le5 beachten.} Nh5 $2 (16... Bh6 $11 {und Schwarz muss sich keine Sorgen machen.}) 17. Bd6 h6 {[#]} 18. Nf3 $1 {[%cal Rf3e5,Bg5f3,Bf3h4,Bh4g6][%mdl 32] Droht stark Se5.} Bg7 $2 {[%mdl 8192]} (18... Qc8 $16 {kämpft weiter.} 19. Qa4 Kf7) 19. Nh4 $18 ({Nicht} 19. Rxe7+ Qxe7 20. Bxe7 Kxe7 $18) 19... Bf6 20. Nxg6 Rh7 21. Qd1 Ng7 22. Qf3 {Weiß steht klar auf Gewinn.} Kf7 (22... Nge6 $142 23. Rxe6 Qxe6) 23. Rxe7+ Bxe7 24. Ne5+ ({Schwächer ist} 24. Nxe7 Re8 $11) 24... Ke8 25. Nxd7 Kxd7 26. Bxc7 Ra8 {Precision: Weiß = 75%, Schwarz = 31%.} 1-0

[Event "ISR-chT 2018"]
[Site "Israel"]
[Date "2018.01.05"]
[Round "1"]
[White "Gershon, Alik"]
[Black "Greenfeld, Alon"]
[Result "1-0"]
[WhiteElo "2444"]
[BlackElo "2521"]
[PlyCount "57"]
[EventDate "2018.??.??"]
[EventType "team-tourn"]
[EventCountry "ISR"]

{[%evp 24,57,6,7,13,31,26,29,16,8,43,37,98,72,85,85,98,97,218,225,460,466,464,443,444,432,548,541,496,435,534,516,598,593,683,691]} 1. c4 Nf6 2. Nc3 c5 3. g3 e6 4. Nf3 Nc6 5. Bg2 d5 6. cxd5 Nxd5 7. O-O Be7 8. b3 O-O 9. Bb2 Bf6 10. Qc1 b6 11. Nxd5 exd5 12. d4 Ba6 13. Re1 {LiveBook: 9 Games. A14: English Opening: 1...e6 with b3 by White} Re8 (13... Nxd4 14. Nxd4 cxd4 15. Qf4 d3 16. Bxf6 Qxf6 17. Qxf6 gxf6 18. exd3 Bxd3 19. Rad1 Be4 20. Bxe4 dxe4 21. Rxe4 {½-½ (113) Zenzera,A (2459)-Ladva,O (2423) Narva 2015}) 14. dxc5 $146 ({Predecessor:} 14. e3 Nb4 15. Qd2 Nd3 16. Red1 Nxb2 17. Qxb2 Rc8 18. Rd2 Rc7 19. Qa3 Bb5 20. dxc5 Bxa1 {0-1 (20) Salokangas,H-Kastinen,R Tampere 1991}) 14... Bxb2 15. Qxb2 {White has an edge.} bxc5 16. Rac1 Qa5 17. Ng5 Nb4 (17... c4 $1 $14) 18. Qd2 $36 {[%mdl 2048] White is really pushing.} Rad8 19. a3 $1 {[%cal Ra3b4]} Qxa3 20. Rxc5 Re7 (20... Rc8 $16 21. Rxc8 (21. Bxd5 Nxd5 22. Rxc8 Bxc8 $14) 21... Bxc8) 21. Bxd5 $18 Rf8 $2 {[#]} (21... Rxd5 22. Rxd5 Nxd5) 22. Bxf7+ {White is clearly winning.} Rexf7 23. Nxf7 Rxf7 24. Qc3 Na2 25. Qe3 Qb4 26. Ra1 Bb7 27. f3 a5 28. Rc4 Qd6 29. Rxa2 {Precision: White = 90%, Black = 18%.} 1-0

[Event "ISR-chT 2018"]
[Site "Israel"]
[Date "2018.01.05"]
[Round "1"]
[White "Haimovich, Tal"]
[Black "Alex, Thomas K"]
[Result "1/2-1/2"]
[WhiteElo "2401"]
[BlackElo "1982"]
[PlyCount "180"]
[EventDate "2018.??.??"]
[EventType "team-tourn"]
[EventCountry "ISR"]
[TimeControl "40/5400+30:1800+30"]
[WhiteClock "0:07:54"]
[BlackClock "0:02:50"]

1. e4 {[%emt 0:00:00]} c5 {[%emt 0:00:00]} 2. Nf3 {[%emt 0:00:00]} Nc6 {[%emt 0:00:05]} 3. Bb5 {[%emt 0:01:17]} g6 {[%emt 0:00:27]} 4. O-O {[%emt 0:00:06]} Bg7 {[%emt 0:00:15]} 5. Re1 {[%emt 0:00:08]} Nf6 {[%emt 0:00:23]} 6. e5 {[%emt 0:00:52]} Ng4 {[%emt 0:01:27]} 7. Bxc6 {[%emt 0:07:49]} dxc6 {[%emt 0:01:09]} 8. Nc3 {[%emt 0:03:15]} Qc7 {[%emt 0:05:53]} 9. d4 {[%emt 0:14:35]} O-O {[%emt 0:09:23]} 10. Bf4 {[%emt 0:09:44]} cxd4 {[%emt 0:04:51]} 11. Qxd4 {[%emt 0:00:35]} Rd8 {[%emt 0:00:38]} 12. Qc5 {[%emt 0:02:03]} Be6 {[%emt 0:22:45]} 13. Bg5 {[%emt 0:15:18]} b6 {[%emt 0:06:51]} 14. Qxe7 {[%emt 0:02:13]} Rd7 {[%emt 0:00:02]} 15. Qb4 {[%emt 0:11:00]} Nxe5 {[%emt 0:04:03]} 16. Nxe5 {[%emt 0:03:32]} Bxe5 {[%emt 0:00:03]} 17. Qh4 {[%emt 0:00:07]} Bf5 {[%emt 0:04:50]} 18. Rad1 {[%emt 0:00:09]} Rxd1 {[%emt 0:05:13]} 19. Nxd1 {[%emt 0:00:07]} Be6 {[%emt 0:03:40]} 20. Nc3 {[%emt 0:03:15]} Bf5 {[%emt 0:03:47]} 21. Bf6 {[%emt 0:01:30]} Bxf6 {[%emt 0:03:51]} 22. Qxf6 {[%emt 0:00:05]} Rf8 {[%emt 0:03:13]} 23. h4 {[%emt 0:12:45]} h5 {[%emt 0:02:41]} 24. Re5 {[%emt 0:06:07]} Qd7 {[%emt 0:03:48]} 25. Re7 {[%emt 0:01:29]} Qd2 {[%emt 0:01:43]} 26. Re3 {[%emt 0:02:18]} Qc1+ {[%emt 0:02:31]} 27. Kh2 {[%emt 0:00:07]} Qxb2 {[%emt 0:00:03]} 28. Qxc6 {[%emt 0:01:27]} Qxc2 {[%emt 0:01:05]} 29. Kg3 {[%emt 0:01:03]} Be6 {[%emt 0:02:09]} 30. Qd6 {[%emt 0:00:53]} Rc8 {[%emt 0:02:08]} 31. Ne4 {[%emt 0:00:32]} Qc7 {[%emt 0:00:28]} 32. Nf6+ {[%emt 0:00:44]} Kh8 {[%emt 0:00:13]} 33. Qxc7 {[%emt 0:00:43]} Rxc7 {[%emt 0:00:02]} 34. a3 {[%emt 0:00:05]} Rc4 {[%emt 0:01:26]} 35. f3 {[%emt 0:00:14]} Kg7 {[%emt 0:02:00]} 36. Ne4 {[%emt 0:00:14]} b5 {[%emt 0:00:56]} 37. Ng5 {[%emt 0:00:21]} Kf6 {[%emt 0:01:34]} 38. Rd3 {[%emt 0:00:06]} Ra4 {[%emt 0:01:04]} 39. Ne4+ {[%emt 0:00:43]} Ke5 {[%emt 0:00:52]} 40. Nc5 {[%emt 0:01:50]} Rc4 {[%emt 0:00:38]} 41. Nb3 {[%emt 0:06:08]} Rc2 {[%emt 0:03:54]} 42. Nd4 {[%emt 0:02:14]} Rc5 {[%emt 0:04:27]} 43. Kf2 {[%emt 0:02:15]} Bc4 {[%emt 0:02:13]} 44. Rd2 {[%emt 0:00:24]} f5 {[%emt 0:01:58]} 45. g3 {[%emt 0:00:49]} f4 {[%emt 0:00:23]} 46. gxf4+ {[%emt 0:05:43]} Kxf4 {[%emt 0:00:04]} 47. Rc2 {[%emt 0:00:21]} Rd5 {[%emt 0:02:08]} 48. Ne6+ {[%emt 0:00:49]} Ke5 {[%emt 0:01:07]} 49. Ng5 {[%emt 0:02:23]} Rd4 {[%emt 0:03:41]} 50. Kg3 {[%emt 0:05:24]} a5 {[%emt 0:00:55]} 51. Ne4 {[%emt 0:02:07]} Bd3 {[%emt 0:02:52]} 52. Rc5+ {[%emt 0:04:55]} Rd5 {[%emt 0:00:22]} 53. Rc8 {[%emt 0:00:09]} Bxe4 {[%emt 0:01:28]} 54. Re8+ {[%emt 0:00:04]} Kd4 {[%emt 0:00:16]} 55. fxe4 {[%emt 0:00:18]} Re5 {[%emt 0:00:25]} 56. Ra8 {[%emt 0:00:11]} Rxe4 {[%emt 0:04:25]} 57. Rxa5 {[%emt 0:00:07]} Kc4 {[%emt 0:00:10]} 58. Ra6 {[%emt 0:00:15]} Rg4+ {[%emt 0:00:11]} 59. Kh3 {[%emt 0:00:15]} Rg1 {[%emt 0:00:36]} 60. Rc6+ {[%emt 0:01:03]} Kd4 {[%emt 0:00:33]} 61. Ra6 {[%emt 0:01:55]} Ra1 {[%emt 0:00:40]} 62. Ra5 {[%emt 0:00:54]} Kc4 {[%emt 0:00:18]} 63. Kg3 {[%emt 0:00:19]} Rh1 {[%emt 0:00:56]} 64. Ra6 {[%emt 0:00:28]} Rg1+ {[%emt 0:00:15]} 65. Kh3 {[%emt 0:00:19]} Rg4 {[%emt 0:00:13]} 66. Rc6+ {[%emt 0:00:41]} Kd5 {[%emt 0:00:19]} 67. Rc3 {[%emt 0:01:02]} Rc4 {[%emt 0:00:35]} 68. Rb3 {[%emt 0:01:21]} Kc5 {[%emt 0:00:13]} 69. Rg3 {[%emt 0:01:18]} Rc2 {[%emt 0:00:11]} 70. Rxg6 {[%emt 0:00:31]} Rc3+ {[%emt 0:00:11]} 71. Kg2 {[%emt 0:00:10]} Rxa3 {[%emt 0:00:21]} 72. Rg5+ {[%emt 0:00:02]} Kc4 {[%emt 0:00:12]} 73. Rxh5 {[%emt 0:00:01]} b4 {[%emt 0:00:14]} 74. Rh8 {[%emt 0:00:26]} b3 {[%emt 0:00:20]} 75. Rb8 {[%emt 0:01:02]} Ra5 {[%emt 0:00:50]} 76. Kg3 {[%emt 0:01:13]} Rb5 {[%emt 0:00:19]} 77. Rc8+ {[%emt 0:00:01]} Kb4 {[%emt 0:00:49]} 78. Rc1 {[%emt 0:00:58]} b2 {[%emt 0:00:13]} 79. Rb1 {[%emt 0:00:24]} Kc3 {[%emt 0:00:08]} 80. Kg4 {[%emt 0:00:06]} Kc2 {[%emt 0:00:14]} 81. Rxb2+ {[%emt 0:00:20]} Rxb2 82. h5 {[%emt 0:00:19]} Kd3 {[%emt 0:03:06]} 83. Kf5 {[%emt 0:00:36]} Rh2 {[%emt 0:00:28]} 84. Kg6 {[%emt 0:00:07]} Ke4 {[%emt 0:00:14]} 85. h6 {[%emt 0:00:07]} Ke5 {[%emt 0:00:51]} 86. h7 {[%emt 0:00:34]} Ke6 {[%emt 0:02:10]} 87. Kg7 {[%emt 0:00:04]} Rg2+ {[%emt 0:00:13]} 88. Kf8 {[%emt 0:01:23]} Rh2 {[%emt 0:01:01]} 89. Kg7 {[%emt 0:00:05]} Rg2+ {[%emt 0:00:44]} 90. Kf8 {[%emt 0:00:09]} Ke5 1/2-1/2

[Event "ISR-chT 2018"]
[Site "Israel"]
[Date "2018.01.05"]
[Round "1"]
[White "Bakalchuk, Johnatan"]
[Black "Gurbanov, Andrei"]
[Result "1-0"]
[WhiteElo "2400"]
[BlackElo "2339"]
[PlyCount "115"]
[EventDate "2018.??.??"]
[EventType "team-tourn"]
[EventCountry "ISR"]
[TimeControl "40/5400+30:1800+30"]
[WhiteClock "0:12:39"]
[BlackClock "0:07:35"]

1. e4 {[%emt 0:00:00]} e5 {[%emt 0:00:00]} 2. Nf3 {[%emt 0:00:00]} Nc6 {[%emt 0:00:00]} 3. d4 {[%emt 0:00:00]} exd4 {[%emt 0:00:00]} 4. Nxd4 {[%emt 0:00:01]} Bb4+ {[%emt 0:00:00]} 5. c3 {[%emt 0:00:05]} Bc5 {[%emt 0:00:00]} 6. Be3 {[%emt 0:00:17]} Bb6 {[%emt 0:00:03]} 7. Nf5 {[%emt 0:00:17]} g6 {[%emt 0:01:17]} 8. Bxb6 {[%emt 0:00:08]} axb6 {[%emt 0:01:51]} 9. Ne3 {[%emt 0:00:08]} Nf6 {[%emt 0:00:58]} 10. f3 {[%emt 0:00:19]} O-O {[%emt 0:02:03]} 11. c4 {[%emt 0:02:54]} Nh5 {[%emt 0:15:01]} 12. Qd2 {[%emt 0:00:46]} d6 {[%emt 0:09:46]} 13. Nc3 {[%emt 0:00:31]} Ra5 {[%emt 0:00:27]} 14. Bd3 {[%emt 0:18:06]} Ne5 {[%emt 0:04:13]} 15. O-O {[%emt 0:11:56]} Nf4 {[%emt 0:03:11]} 16. Bc2 {[%emt 0:03:28]} Be6 {[%emt 0:07:33]} 17. Kh1 {[%emt 0:05:22]} Nh5 {[%emt 0:04:02]} 18. b3 {[%emt 0:07:47]} Qh4 {[%emt 0:13:33]} 19. Qf2 {[%emt 0:04:53]} Qxf2 {[%emt 0:02:38]} 20. Rxf2 {[%emt 0:00:02]} g5 {[%emt 0:04:02]} 21. g3 {[%emt 0:01:58]} Ng6 {[%emt 0:02:10]} 22. Ncd5 {[%emt 0:07:28]} Bxd5 {[%emt 0:04:32]} 23. Nxd5 {[%emt 0:00:54]} c6 {[%emt 0:10:23]} 24. Nxb6 {[%emt 0:02:03]} Nf6 {[%emt 0:01:55]} 25. Rd2 {[%emt 0:03:46]} Rd8 {[%emt 0:00:45]} 26. Kg2 {[%emt 0:02:21]} Ne5 {[%emt 0:02:00]} 27. a4 {[%emt 0:06:33]} g4 {[%emt 0:00:59]} 28. fxg4 {[%emt 0:01:01]} Nexg4 {[%emt 0:00:47]} 29. Re1 {[%emt 0:01:03]} Rh5 {[%emt 0:04:05]} 30. h3 {[%emt 0:01:24]} Ne5 {[%emt 0:00:37]} 31. c5 {[%emt 0:02:42]} d5 {[%emt 0:01:41]} 32. exd5 {[%emt 0:00:46]} cxd5 {[%emt 0:00:04]} 33. g4 {[%emt 0:08:59]} Rg5 {[%emt 0:00:09]} 34. Bf5 {[%emt 0:00:41]} Nc6 {[%emt 0:01:17]} 35. h4 {[%emt 0:01:24]} Rg7 {[%emt 0:00:02]} 36. Kf3 {[%emt 0:01:12]} Kh8 {[%emt 0:05:07]} 37. g5 {[%emt 0:01:15]} Ne4 {[%emt 0:00:06]} 38. Rxd5 {[%emt 0:01:59]} Nd2+ {[%emt 0:00:48]} 39. Kg4 {[%emt 0:00:54]} Nxb3 {[%emt 0:00:25]} 40. Rxd8+ {[%emt 0:01:43]} Nxd8 {[%emt 0:00:01]} 41. Nd7 {[%emt 0:32:05]} Ne6 {[%emt 0:30:11]} 42. Bxe6 {[%emt 0:01:05]} fxe6 {[%emt 0:00:02]} 43. Rd1 {[%emt 0:00:00]} Re7 {[%emt 0:00:00]} 44. h5 {[%emt 0:00:00]} h6 {[%emt 0:00:00]} 45. gxh6 {[%emt 0:00:00]} e5 {[%emt 0:00:00]} 46. Nf8 {[%emt 0:00:00]} Re8 {[%emt 0:00:00]} 47. Rf1 {[%emt 0:00:00]} Nxc5 {[%emt 0:00:00]} 48. Rf7 {[%emt 0:00:00]} Kg8 {[%emt 0:00:00]} 49. h7+ {[%emt 0:00:00]} Kxf7 {[%emt 0:00:00]} 50. h8=Q {[%emt 0:00:00]} Rxf8 {[%emt 0:00:00]} 51. Qxe5 {[%emt 0:00:00]} Ne6 {[%emt 0:00:00]} 52. h6 {[%emt 0:00:00]} Rg8+ {[%emt 0:00:00]} 53. Kh5 {[%emt 0:00:00]} Rg1 {[%emt 0:00:00]} 54. Qd5 {[%emt 0:00:00]} Rg3 {[%emt 0:00:00]} 55. h7 {[%emt 0:00:00]} Rh3+ {[%emt 0:00:00]} 56. Kg4 {[%emt 0:00:00]} Rh6 {[%emt 0:00:00]} 57. Qxb7+ {[%emt 0:00:00]} Kf6 {[%emt 0:00:00]} 58. h8=Q+ {[%emt 0:01:09]} 1-0

[Event "ISR-chT 2018"]
[Site "Israel"]
[Date "2018.01.05"]
[Round "1"]
[White "Ben Artzi, Ido"]
[Black "Aharonovich, Itamar"]
[Result "1-0"]
[WhiteElo "2390"]
[BlackElo "2276"]
[PlyCount "49"]
[EventDate "2018.??.??"]
[EventType "team-tourn"]
[EventCountry "ISR"]
[TimeControl "40/5400+30:1800+30"]

1. e4 c5 2. Nf3 e6 3. d4 cxd4 4. Nxd4 Nc6 5. Nc3 Qc7 6. g4 a6 7. h4 b5 8. Nxc6 Qxc6 9. Bg2 Bb7 10. Be3 Rc8 11. a3 Ne7 12. Qd2 Ng6 13. f4 Be7 14. O-O-O Nxh4 15. Rxh4 Bxh4 16. g5 f6 17. e5 Qc7 18. Bb6 Qxb6 19. Qxd7+ Kf8 20. Bxb7 Re8 21. Bc6 Qb8 22. Ne4 Qc8 23. Qxe8+ Qxe8 24. Bxe8 f5 25. Bc6 1-0

[Event "ISR-chT 2018"]
[Site "Israel"]
[Date "2018.01.05"]
[Round "1"]
[White "Parkhov, Yair"]
[Black "Kobo, Ori"]
[Result "1/2-1/2"]
[WhiteElo "2372"]
[BlackElo "2477"]
[PlyCount "82"]
[EventDate "2018.??.??"]
[EventType "team-tourn"]
[EventCountry "ISR"]

{[%evp 19,82,7,7,-8,-8,-12,-12,-8,-12,-6,-10,-25,0,0,0,0,19,20,20,17,20,18,21,24,29,19,45,44,60,14,40,41,39,14,28,22,45,39,27,45,13,39,40,0,32,0,0,0,0,0,0,0,0,0,0,0,0,0,0,0,0,0,0,0,0]} 1. Nf3 g6 2. g3 Bg7 3. Bg2 Nf6 4. c4 O-O 5. O-O c5 6. Nc3 Nc6 7. d4 d6 8. dxc5 dxc5 9. Be3 Qa5 10. Nd2 {E65: King's Indian: Fianchetto: 6...c5 7 0-0 without d5 by White} (10. Qb3 Qb4 11. Qxb4 cxb4 12. Nd5 Ne4 13. Rab1 Rd8 14. Nd4 Bxd4 15. Bxe4 e6 16. Nc7 Rb8 17. Na6 bxa6 18. Bxc6 Bxe3 19. fxe3 {½-½ (55) Howell,D (2655)-Jones,G (2663) Reading 2017}) 10... Ng4 {LiveBook: 3 Games} 11. Nb3 (11. Bg5 {with more complications.} Bxc3 12. bxc3 Qxc3 13. Rc1 Qe5 14. Bf4) 11... Nxe3 12. Nxa5 Nxd1 13. Nxc6 bxc6 14. Raxd1 $146 ({Predecessor:} 14. Rfxd1 Be6 15. Bxc6 Rab8 16. Rd2 Bxc3 17. bxc3 Rfd8 {1-0 (50) Ratolistka,J-Holub,J Prague 1955}) 14... Be6 15. Rc1 Bxc4 16. b3 Be6 17. Bxc6 Rac8 18. Bd5 Bg4 19. Bc4 Rfd8 20. Rfd1 Rxd1+ 21. Nxd1 Rd8 22. Bd3 Bd4 23. Nc3 Bd7 24. Be4 a5 25. Nd5 e6 26. Nb6 {e3 is the strong threat.} Bb5 27. e3 Bb2 28. Rxc5 Rd1+ 29. Kg2 Bf1+ 30. Kf3 f5 31. Bc6 e5 32. Rd5 g5 {[%csl Gf5][%cal Rg5g4] [#] The position is equal.} 33. g4 Rc1 {( -> ...e4+)} 34. Rd8+ Kg7 35. Rd7+ Kf8 36. Rd8+ $1 Ke7 37. Rd7+ Kf8 38. Rd8+ $1 Kg7 39. Rd7+ Kf8 40. Rd8+ $1 Ke7 41. Rd7+ Kf8 {Precision: White = 70%, Black = 67%.} 1/2-1/2

[Event "ISR-chT 2018"]
[Site "Israel"]
[Date "2018.01.05"]
[Round "1"]
[White "Veinberg, Nimrod"]
[Black "Liss, Eran"]
[Result "0-1"]
[WhiteElo "2370"]
[BlackElo "2437"]
[PlyCount "74"]
[EventDate "2018.??.??"]
[EventType "team-tourn"]
[EventCountry "ISR"]

{[%evp 25,74,20,31,0,25,19,29,18,27,0,15,0,-14,-24,-25,-29,-30,-27,-5,-5,0,-8,0,0,0,0,0,0,0,0,0,0,0,0,0,0,83,-64,-51,-92,-105,-85,-8,-237,-227,-924,-875,-29993,-29994,-29997,-29998]} 1. d4 Nf6 2. c4 e6 3. g3 Bb4+ 4. Bd2 Qe7 5. Nc3 Nc6 6. Nf3 Bxc3 7. Bxc3 Ne4 8. Rc1 f5 9. Bg2 d6 10. d5 Nd8 11. dxe6 Nxe6 12. O-O O-O 13. Nd4 {E11: Bogo-Indian} N6g5 {[#] LiveBook: 3 Games} 14. Nf3 $146 (14. h4 {NOTEXT} Nf7 15. Bd2 Ne5 16. Bf4 Ng6 17. e3) ({Find the theoretical novelty and annotate with similar games:} 14. f4 Nf7 15. Bxe4 Qxe4 16. Nb5 Bd7 17. Qd3 Qxd3 18. exd3 c6 19. Na3 Rfe8 20. Kf2 Re7 {½-½ (98) Ivanchuk,V (2768)-Papaioannou,I (2592) Eretria 2011}) 14... Be6 15. Nxg5 {White has an edge.} Qxg5 16. Qd4 Qg6 17. Be1 a5 18. f3 Nc5 19. Bc3 b6 20. e4 fxe4 21. fxe4 Nd7 22. e5 dxe5 23. Qe3 Rae8 24. Rxf8+ Kxf8 25. Bxe5 Bf7 (25... Bf5 $5 26. Qa3+ $8 c5 $11) 26. Qa3+ c5 27. Bf4 Ne5 $36 {[%mdl 2048] Black is more active.} 28. Bxe5 Rxe5 29. Qc3 Qg5 30. Rf1 Ke7 (30... Kg8 $11) 31. Qc2 (31. Rf4 $16 {h4 is the strong threat.} Rf5 32. h4) 31... Qe3+ $15 32. Kh1 {[#]} Bg6 $1 {[%cal Rg6c2]} 33. Qd1 Qe2 ({Black should play} 33... Bd3 $17 34. Rg1 Be4) 34. Bf3 $2 (34. Qc1 $1 $11) 34... Qxb2 $19 ({Don't do} 34... Qxc4 35. b3 $17) 35. Qa4 $2 (35. a4) 35... Bd3 36. Rd1 Qf2 37. Qc6 Re1+ {Precision: White = 26%, Black = 59%.} 0-1

[Event "ISR-chT 2018"]
[Site "Israel"]
[Date "2018.01.05"]
[Round "1"]
[White "Zilberman, Yaacov"]
[Black "Rodshtein, Maxim"]
[Result "0-1"]
[WhiteElo "2367"]
[BlackElo "2693"]
[PlyCount "68"]
[EventDate "2018.??.??"]
[EventType "team-tourn"]
[EventCountry "ISR"]

{[%evp 21,68,-6,0,0,9,-1,0,0,0,0,0,0,22,26,31,13,34,0,0,-1,30,28,38,37,28,25,27,0,0,-9,0,-52,0,-33,-48,-162,-95,-189,-85,-104,-75,-68,-87,-1025,-1042,-1010,-990,-2054,-1579]} 1. Nf3 c5 2. c4 Nc6 3. Nc3 g6 4. g3 Bg7 5. Bg2 d6 6. O-O e6 7. d3 Nge7 8. Bd2 O-O 9. a3 b6 10. Rb1 Bb7 11. b4 Qd7 12. e3 {A37: Symmetrical English vs ...g6: 4 Bg2 Bg7 5 Nf3} Rad8 (12... h6 13. Qc2 Rac8 14. Rfd1 Rfd8 15. Ne2 Ne5 16. e4 Nxf3+ 17. Bxf3 Nc6 18. Bg2 Rf8 19. Be3 Nd4 {½-½ (50) Meier,G (2650)-Alekseev,E (2616) Riadh 2017}) 13. Qe2 h6 14. Rfd1 {The position is equal.} g5 15. b5 $146 ({Predecessor:} 15. h4 g4 16. Ne1 f5 17. Nc2 Ne5 18. Ne1 Bxg2 19. Kxg2 Qb7+ {0-1 (40) Gombac,J (2286)-Sebenik,M (2414) Bled 2002}) 15... Ne5 16. Nxe5 dxe5 17. Bxb7 Qxb7 18. e4 f5 19. Be1 g4 20. a4 Rd4 21. a5 Rfd8 22. axb6 axb6 23. Rb2 Nc8 24. exf5 exf5 25. Nd5 e4 26. Rbd2 (26. Ra2 $11) 26... Re8 ({Black should try} 26... Nd6 $15) 27. Qf1 Nd6 28. Ne3 {[#]} (28. dxe4 $15 Nxe4 29. Rxd4 Bxd4 30. Qe2) 28... Qf7 (28... Nf7 $1 $19 {[%cal Rf7g5] ...Ng5 is the strong threat.} 29. dxe4 (29. Nxf5 $2 Ng5 $17) 29... Ne5 30. Rxd4 cxd4) 29. Rc2 {[#]} (29. dxe4 $17 fxe4 30. Nd5) 29... f4 $1 $19 {[%cal Rf4e3]} 30. gxf4 {Black should prevent Bc3.} Qxf4 {White must now prevent ...exd3.} 31. Bc3 exd3 $40 {[%cal Be4d3,Bd3c2][%mdl 160] Black is out for blood.} 32. Ng2 $2 {[%mdl 8192]} (32. Ra2 $17 Be5 33. Qg2) 32... dxc2 {Black is clearly winning.} 33. Rxd4 Qf3 ({Not} 33... cxd4 34. Nxf4 dxc3 35. Qc1 $15) 34. Rxd6 Qxc3 {Precision: White = 28%, Black = 61%.} 0-1

[Event "ISR-chT 2018"]
[Site "Israel"]
[Date "2018.01.05"]
[Round "1"]
[White "Bitensky, Igor"]
[Black "Hochman, Elnatan"]
[Result "1-0"]
[WhiteElo "2355"]
[BlackElo "2075"]
[PlyCount "99"]
[EventDate "2018.??.??"]
[EventType "team-tourn"]
[EventCountry "ISR"]
[TimeControl "40/5400+30:1800+30"]

1. Nf3 g6 2. d4 Nf6 3. Bf4 Bg7 4. e3 d6 5. Be2 O-O 6. O-O c6 7. h3 Nbd7 8. Bh2 Re8 9. c3 h6 10. Nbd2 Nf8 11. a4 g5 12. Nc4 Bf5 13. Bd3 Bxd3 14. Qxd3 Ng6 15. a5 g4 16. hxg4 Nxg4 17. Bg3 Qd7 18. Rfd1 d5 19. Nce5 N4xe5 20. dxe5 e6 21. Ra4 h5 22. Qe2 b5 23. axb6 axb6 24. Rda1 Qb7 25. Nh4 Rxa4 26. Rxa4 b5 27. Ra1 Nxh4 28. Bxh4 Bxe5 29. Qxh5 Bg7 30. e4 Ra8 31. Re1 Kf8 32. e5 Ke8 33. Re3 Bf8 34. Rf3 Ra1+ 35. Kh2 Ra4 36. b4 c5 37. Rf6 Qd7 38. bxc5 Rc4 39. Bg5 Rxc5 40. Rf3 Qc7 41. Qh8 Rc4 42. Rg3 Qc5 43. Be3 Qe7 44. Bg5 Qc5 45. Be3 Qe7 46. f4 Rxc3 47. f5 Qa3 48. fxe6 Rxe3 49. exf7+ Ke7 50. Qh4+ 1-0

[Event "ISR-chT 2018"]
[Site "Israel"]
[Date "2018.01.05"]
[Round "1"]
[White "Zhizmer, Yuri"]
[Black "Caspi, Israel"]
[Result "0-1"]
[WhiteElo "2314"]
[BlackElo "2461"]
[PlyCount "38"]
[EventDate "2018.??.??"]
[EventType "team-tourn"]
[EventCountry "ISR"]

{[%evp 14,38,3,-22,2,-38,-29,-185,-62,-258,-256,-334,-323,-638,-615,-845,-822,-899,-788,-895,-914,-899,-889,-797,-761,-29980,-29981]} 1. b3 e5 2. Bb2 Nc6 3. e3 d5 4. Bb5 Bd6 5. Nf3 f6 {[%cal Bf7f6,Bf6f5,Bf5f4][%mdl 32]} 6. d4 {A01: Nimzowitsch-Larsen Opening} e4 7. Nfd2 f5 8. c4 {LiveBook: 3 Games. The position is equal.} Nf6 (8... a6 9. Bxc6+ bxc6 10. Ba3 Nf6 11. Bxd6 cxd6 12. Nc3 Be6 13. cxd5 Nxd5 14. Nxd5 Bxd5 {1-0 (37) Jobava,B (2705)-Hammer,J (2632) Sweden 2017}) 9. Nc3 a6 $146 ({Predecessor:} 9... Be6 10. cxd5 Nxd5 11. Bc4 Nce7 12. a3 c6 13. b4 a6 {1-0 (57) Paljusaj,E (2306)-Froewis,A (2027) Vienna 2014}) 10. Ba4 $2 {[#]} (10. Bxc6+ $1 $11 {and White has nothing to worry.} bxc6 11. O-O) 10... O-O (10... b5 $1 $19 {[%cal Rb5a4]} 11. cxb5 Nb4) 11. a3 $2 {[#]} ({Not} 11. cxd5 $2 Nb4 $19) (11. Bxc6 $1 $15 bxc6 12. c5) 11... f4 $1 $19 {[%cal Rf4e3]} 12. Bxc6 bxc6 13. Nf1 $2 (13. exf4 Bxf4 14. cxd5) 13... Ng4 14. Qe2 fxe3 15. fxe3 Rf2 16. Qxf2 Nxf2 17. Kxf2 Qh4+ 18. Kg1 Be6 {...Rf8 is the strong threat.} 19. c5 Rf8 {Precision: White =  0%, Black = 56%.} 0-1